000 00457nam a2200181Ia 4500
001 13322
005 20260306164752.0
008 260306t1997||||xx |||||||||||||| ||spa||
041 _aESP
082 _a001.42
_bR76
100 _aRodriguez Rivas, Miguel Angel [1920-...Î
_eAUT
245 0 _aProyecto de investigación científica
260 _c1997
300 _a71 páginas :
_c21 cm.
650 _aGEN
654 _aCHU
942 _cLIB
_dJUS
_fJUS
_2ddc
_n
999 _c13322
_d13322